Find All Country Flags on Norwegian Flag - Statistics

General Stats
  • This quiz has been taken 639 times
    588 since last reset
  • The average score is 5 of 11
Answers on the Map
Answers color-coded by a green-red scale on the quiz's map according to % correct below.
 
Answer Stats
Answer % Correct
Poland
76%
France
72%
Indonesia
72%
Monaco
71%
Netherlands
69%
Thailand
69%
Norway
55%
Luxembourg
33%
Paraguay
8%
San Marino
8%
Croatia
7%
No matching quizzes found
Score Distribution
Percent of People with Each Score
Percentile by Number Answered
Your Score History
You have not taken this quiz since the last reset